| 000 | 00536nam a2200193 a 4500 | ||
|---|---|---|---|
| 005 | 20210219151909.0 | ||
| 008 | 991125s1974 mx 000 0 spa u | ||
| 035 | _aUPN01000043367 | ||
| 049 | _aCG | ||
| 050 | 4 | _aPQ7217 V5.6 | |
| 100 | 1 | _aVillela, Víctor | |
| 245 | 1 | 0 |
_aPalabras para convencer / _cVíctor Villela |
| 260 |
_aMéxico : _bUNAM, Dirección General de Publicaciones, _c1974 |
||
| 300 | _a100 p | ||
| 440 | 0 | _aCuento y relato | |
| 650 | 4 |
_aLITERATURA- _vMISCELANEA - _zMEXICO |
|
| 904 |
_aAC _b043369 |
||
| 905 | _aLibro | ||
| 999 |
_c43367 _d43367 |
||